Септемврийска поезия (Запис номер 173101)
[ съкратено ]
| 000 -Лидер | |
|---|---|
| Контролно поле с фиксирана дължина | 01310nam a2200349 a 4500 |
| 003 - Код на организацията, давaща контролен номер | |
| Контролно поле | BLK |
| 005 - Дата и час на последна редакция | |
| Контролно поле | 20250312161651.0 |
| 008 - Елементи от данни с фиксирана дължина | |
| fixed length control field | 180411b bul|||||r ||||||| ||bul|| |
| 010 ## - Наследен системен номер | |
| LC control number | KNG00181481000 |
| 040 ## - Източник на каталожния запис | |
| Идентификатор на билиотеката - собственик на записа | BLK |
| 041 ## - Код за език | |
| Код за езика на текст/звукозапис или на отделно заглавие | Български |
| Код за езика КДБФ | Български |
| 080 ## - УДК | |
| Текстов определител УДК | Българска литература |
| УДК код - определител по УДК | 821.163.2 |
| УДК определител | -1 |
| УДК - код + определител | 821.163.2-1 |
| 139 ## - Редно поле | |
| Редна дума | Септемврийска литература |
| Авторски знак | Сен - С 33 |
| 245 10 - Сведения за заглавието | |
| Заглавие | Септемврийска поезия |
| Редно поле (дума) | предг. от Тончо Жечев |
| 257 ## - Страна на издаване | |
| Страна на създаване/издаване | България |
| 260 ## - Област на издателските данни | |
| Име на издателя, разпространителя и проч. | Бълг. писател |
| Година на издаване | 1964 |
| Място на издаване, разпространение и проч. | София |
| 300 ## - Физическа характеристика | |
| Страници | 128 с. |
| Размери/Мащаб | 21 см |
| 380 ## - Жанр | |
| Жанр | Худож. лит. |
| 490 ## - СЕРИИ (Колекции) | |
| Име на серия | Библиотека за ученика |
| 9 (RLIN) | 201322 |
| 500 ## - Общи забележки | |
| Забележка | 15 100 тир. |
| 650 #0 - Допълнително описание по предмет – тема | |
| Основно описание – тема или топоним | Септемврийско въстание 1923 - в художествената литература |
| 9 (RLIN) | 274924 |
| 653 #7 - Ключова дума – ненормативна | |
| Ключова дума | стихотворения |
| 9 (RLIN) | 197459 |
| 653 #7 - Ключова дума – ненормативна | |
| Ключова дума | Септемврийско въстание 1923 |
| 9 (RLIN) | 196473 |
| 700 ## - Други автори (авторска отговорност) | |
| Лично име | Жечев, Тончо |
| Друга информация | Тонев, Тончо Жечев |
| 9 (RLIN) | 249780 |
| 852 ## - Местоположение | |
| Форматна сигнатура | Цб 31270 |
| Фондова буква | Хранилище |
| 856 4# - Електронен адрес и достъп | |
| Електронен формат | pdf - файл |
| 856 4# - Електронен адрес и достъп | |
| Електронен формат | pdf - файл |
| 999 ## - СИСТЕМНИ КОНТРОЛНИ НОМЕРА | |
| Koha biblionumber | 173101 |
| Koha biblioitemnumber | 173101 |
| 942 ## - АРТИКУЛИ | |
| Вид на библиотечния материал | Книги |
| Скрит в OPAC | Не |
| Периодичен библиозапис | Да |
| Koha issues (borrowed), all copies | 1 |
| 944 ## - СЪЗДАВАНЕ И РЕДАКЦИЯ на ЗАПИСА | |
| Създаване/Редакция | Създаване |
| Дата на регистрацията/редакция | 10.09.2015 |
| Статус, дата на статуса | Ивелин Русев |
| Служител, извършил регистрацията/редакцията | 30563 |
| 944 ## - СЪЗДАВАНЕ И РЕДАКЦИЯ на ЗАПИСА | |
| Създаване/Редакция | Редакция |
| Дата на регистрацията/редакция | 10.09.2015 |
| Статус, дата на статуса | ф / |
| Служител, извършил регистрацията/редакцията | Людмила_Стоянова |
| 999 ## - СИСТЕМНИ КОНТРОЛНИ НОМЕРА | |
| Koha biblioitemnumber | 173101 |
| Код за отписване | Код за изгубен артикул | Източник на класификационната схема | Код за повреда | Коз за рестрикции | Код за отдаване | Артикулен № | Име на библиотеката - собственик | Име на библиотеката, в която се намира в момента | Статус (Текущо местоположение) | Дата на вписване в системата | Местоположение - отдел | Цена в лева | Инвентарен номер | Систематично азбучна сигнатура | Баркод | Номер на екземпляра | Цена в евро | Служебна бележка | Служебен тип на артикула |
|---|---|---|---|---|---|---|---|---|---|---|---|---|---|---|---|---|---|---|---|
| Не е изгубен | Universal Decimal Classification | Не е повреден | само за читалня | ползва се в читалня | 295605 | Регионална библиотека "Любен Каравелов" Русе | Регионална библиотека "Любен Каравелов" Русе | Хранилище | 1964-01-01 | Хранилище | 0.29 | 15329/64 | Цб 31270 | 900000094114 | 1 | 0.15 | Дост: Dp Вид: Д N: стар фонд Дата: 01.01.1964 | Книги | |
| Изтеглен | Не е изгубен | Universal Decimal Classification | Не е повреден | без рестрикции | заемане за дома | 295606 | Регионална библиотека "Любен Каравелов" Русе | Регионална библиотека "Любен Каравелов" Русе | Заемна - подръчен фонд | 1964-01-01 | Заемна - подръчен фонд | 0.29 | 14608/64 | П 886.7-1/С 33 | 14608/64 | 2 | 0.15 | Дост: Pk Вид: Ф N: стар фонд Дата: 01.01.1964 Дата инв: 15.02.2018 Бележки инв: П2018 | Книги |
| Изтеглен | Не е изгубен | Не е повреден | без рестрикции | заемане за дома | 295607 | Регионална библиотека "Любен Каравелов" Русе | Регионална библиотека "Любен Каравелов" Русе | Заемна - подръчен фонд | 1964-01-01 | Заемна - подръчен фонд | 0.00 | 14609/64 | П 886.7-1/С 33 | 14609/64 | 3 | 0.00 | Дост: Pk Вид: Ф N: стар фонд Дата: 01.01.1964 Дата инв: 21.03.2018 Бележки инв: П2018 | Книги | |
| Изтеглен | Не е изгубен | Universal Decimal Classification | Не е повреден | без рестрикции | заемане за дома | 295608 | Регионална библиотека "Любен Каравелов" Русе | Регионална библиотека "Любен Каравелов" Русе | Заемна - подръчен фонд | 1964-01-01 | Заемна - подръчен фонд | 0.00 | 14240/64 | П 886.7-1/С 33 | 14240/64 | 4 | 0.00 | Дост: Pk Вид: Ф N: стар фонд Дата: 01.01.1964 | Книги |
| Изтеглен | Не е изгубен | Universal Decimal Classification | Не е повреден | без рестрикции | заемане за дома | 295609 | Регионална библиотека "Любен Каравелов" Русе | Регионална библиотека "Любен Каравелов" Русе | Заемна - подръчен фонд | 1964-01-01 | Заемна - подръчен фонд | 0.00 | 14241/64 | П 886.7-1/С 33 | 14241/64 | 5 | 0.00 | Дост: Pk Вид: Ф N: стар фонд Дата: 01.01.1964 | Книги |